000 00614nam a22001937a 4500
005 20231027123317.0
010 _aUR-12335
020 _a9789393785596
_c30.00
035 _aU-10890
037 _bDBAD/PUB
082 _a841
100 _aاظھر نذیر
_958083
245 _aسفر گوم پوشر تھ /
_cاظھر نذیر
246 _aSafar Goan Pushrith /
_bby Azhar Nazir
260 _aNew Delhi
_bEducational Publishing House
_c2022 ء
270 _aH.o. D1/16, Ansari Road, Darya Ganj
_bNew Delhi
_e110002
300 _a173 ص
_c22cm(Hb)
942 _2ddc
_cUR
_h841
_mا ظ ھ
_e
999 _c198898
_d198898